000 00671cam5a220021700 4500
001 qcf00528126
005 20190816094820.0
008 810323s1931 fr b 000 0 fre d
035 _a(Sirsi) r125336
035 _a(QCAT)lss03017100
035 _a(UPRA)qcf00528126
040 _dUPRA
050 _aPR3373
_b.L6
100 1 _aLoiseau, Jean.
_6A93646.1
245 1 0 _aAbraham Cowley, sa vie, son oeuvre /
_cpar Jean Loiseau.
260 _aParis :
_bH. Didier,
_c1931.
504 _aBibliography: p. [655]-687.
600 1 0 _aCowley, Abraham, 1618-1667.
_dCowley, Abraham, 1618-1667.
_6S67198.1
949 _aPR3373
_wlcc
_i-179936
_mMAIN
_tBOOK
_lON-SHELF
004 125336
999 _c83581
_d83581